000 00568nam 22001933 4500
001 201896
021 _aPT
_b1184/83
090 _a201896
100 _a20260422d u||y0pory50 ba
200 _aA poesia lírica de Camões : uma estética da sedução
_fClara Crabbé Rocha
205 _a
210 _aCoimbra
_cCentelha
_d1983
215 _a77, [3] p.
_cbrochado
_d21 cm
606 _93661
_aCrítica Literária.Estudos Literários
675 _a82.09
_vPT
_zpor
700 _917169
_aRocha
_bClara Crabbé
_f1955-
801 _aPT
_bBMMN
_gRPC
830 _cVanda
990 _cLIVROS